Možnosti a obmedzenia praktického využívania kryptomien v medzinárodnom obchode diplomová práca

Gespeichert in:
Bibliographische Detailangaben
1. Verfasser: Bobček, Matej
Körperschaft: Obchodná fakulta EU. Katedra medzinárodného obchodu
Weitere Verfasser: Výrost, Tomáš, 1978-
Format: Buch
Sprache:Slowakisch
Veröffentlicht: Bratislava 2025
Tags: Tag hinzufügen
Keine Tags, Fügen Sie das erste Tag hinzu!

MARC

LEADER 00000nbm a2200000 4500
001 0310366
005 20251110132345.1
041 0 |a slo 
044 |a SK 
245 1 0 |a Možnosti a obmedzenia praktického využívania kryptomien v medzinárodnom obchode  |b diplomová práca  |c Matej Bobček ; školiteľ: Tomáš Výrost 
264 1 |a Bratislava  |c 2025 
300 |a 83 s. 
100 1 |a Bobček, Matej 
700 1 |a Výrost, Tomáš, 1978- 
710 2 |a Obchodná fakulta EU. Katedra medzinárodného obchodu